[Event "European Team-ch 2007"]
[Site "Crete GRE"]
[Date "2007.11.01"]
[Round "5.14"]
[White "Kritz, Leonid"]
[Black "Westerinen, Heikki M J"]
[Result "1-0"]
[WhiteElo "2596"]
[BlackElo "2371"]
[PlyCount "81"]
[EventDate "2007.10.28"]
[EventType "team"]
[EventRounds "9"]
[EventCountry "GRE"]
[Source "lmi"]
[SourceDate "2007.10.28"]
[WhiteTeam "Germany"]
[BlackTeam "Finland"]
[WhiteTeamCountry "GER"]
[BlackTeamCountry "FIN"]

1. e4 e6 2. d4 d5 3. Nc3 Nf6 4. e5 Ne4 5. Nxe4 dxe4 6. Bc4 a6 7. Ne2 c5 8. c3
Nc6 9. a3 b5 10. Bb3 Bb7 11. O-O Qd7 12. Bc2 Rd8 13. Be3 cxd4 14. cxd4 Na5 15.
Ng3 Bd5 16. Qg4 Nc4 17. Nh5 f5 18. exf6 g6 19. Ng3 Nxb2 20. Nxe4 Nc4 21. Bg5
Qf7 22. Nc3 Bxa3 23. Nxd5 Rxd5 24. Be4 Rd6 25. d5 Bb2 26. Rae1 Bxf6 27. dxe6
Qe7 28. Bxf6 Qxf6 29. e7 Kf7 30. Bc6 Rxc6 31. e8=Q+ Rxe8 32. Qd7+ Re7 33. Rxe7+
Qxe7 34. Qxc6 Qd6 35. Qb7+ Kf6 36. Ra1 Kg5 37. h3 Na3 38. Qxh7 b4 39. h4+ Kg4
40. Re1 Nc2 41. Qh6 1-0

[Event "European Team-ch 2007"]
[Site "Crete GRE"]
[Date "2007.11.01"]
[Round "5.15"]
[White "Pelletier, Yannick"]
[Black "Nevednichy, Vladislav"]
[Result "1-0"]
[WhiteElo "2609"]
[BlackElo "2531"]
[PlyCount "135"]
[EventDate "2007.10.28"]
[EventType "team"]
[EventRounds "9"]
[EventCountry "GRE"]
[Source "lmi"]
[SourceDate "2007.10.28"]
[WhiteTeam "Switzerland"]
[BlackTeam "Romania"]
[WhiteTeamCountry "SUI"]
[BlackTeamCountry "ROM"]

1. Nf3 Nf6 2. c4 g6 3. Nc3 Bg7 4. d4 O-O 5. e4 d6 6. Be2 c5 7. d5 e6 8. Bg5 h6
9. Bh4 a6 10. O-O e5 11. Nd2 Nbd7 12. Rb1 Qc7 13. b4 b6 14. bxc5 Nxc5 15. Qc2
Bd7 16. Rb2 Nh7 17. Rfb1 Rab8 18. f3 Rb7 19. Nb3 Rfb8 20. Bf2 Bf6 21. Nc1 Bd8
22. Nd3 Qc8 23. Kh1 h5 24. g3 Nf6 25. Qd2 Kg7 26. Qe3 h4 27. f4 hxg3 28. Bxg3
Nxd3 29. Qxd3 Qc7 30. fxe5 dxe5 31. c5 Qxc5 32. Bxe5 Kg8 33. Bd4 Qe7 34. Rf1
Nh7 35. e5 Bf5 36. Qg3 Qg5 37. Bxa6 Ra7 38. Bb5 Ra3 39. Rb3 Rba8 40. Be3 Qh5
41. Be2 Qh3 42. Qxh3 Bxh3 43. Rfb1 Nf8 44. Rxa3 Rxa3 45. Rb3 Ra8 46. Bd4 Bf5
47. Bb5 g5 48. Bc6 Ra6 49. a4 Kh7 50. Rb2 Kg6 51. Rf2 Bd7 52. Bxd7 Nxd7 53. e6
fxe6 54. dxe6 Nc5 55. Re2 Ra7 56. a5 Rxa5 57. e7 Bxe7 58. Rxe7 Nd3 59. Bxb6 Ra8
60. Kg2 Nf4+ 61. Kg3 Ra3 62. Bd4 Rb3 63. Rc7 Nh5+ 64. Kf3 Rb2 65. Ne2 Rb4 66.
Rc5 Ra4 67. Rc6+ Kf7 68. Kg4 1-0

[Event "European Team-ch 2007"]
[Site "Crete GRE"]
[Date "2007.11.01"]
[Round "5.15"]
[White "Lupulescu, Constantin"]
[Black "Jenni, Florian"]
[Result "1/2-1/2"]
[WhiteElo "2562"]
[BlackElo "2511"]
[PlyCount "83"]
[EventDate "2007.10.28"]
[EventType "team"]
[EventRounds "9"]
[EventCountry "GRE"]
[Source "lmi"]
[SourceDate "2007.10.28"]
[WhiteTeam "Romania"]
[BlackTeam "Switzerland"]
[WhiteTeamCountry "ROM"]
[BlackTeamCountry "SUI"]

1. e4 c5 2. Nf3 d6 3. d4 cxd4 4. Nxd4 Nf6 5. Nc3 a6 6. Bg5 e6 7. f4 Qb6 8. Qd2
Nc6 9. Nb3 Be7 10. O-O-O Qc7 11. Bxf6 gxf6 12. f5 Bd7 13. g3 O-O-O 14. Bh3 Kb8
15. fxe6 fxe6 16. Ne2 Rc8 17. Kb1 Ne5 18. Ned4 Qc4 19. Qe2 Qxe2 20. Nxe2 h5 21.
Nbd4 Ng4 22. Bxg4 hxg4 23. Nf4 e5 24. Ng6 exd4 25. Nxe7 Rce8 26. Nd5 Bc6 27.
Nxf6 Re6 28. Rdf1 Bxe4 29. Nxe4 Rxe4 30. Rf2 Rhe8 31. Kc1 Kc7 32. Rhf1 Kc6 33.
Rf4 d5 34. Rxe4 dxe4 35. Rf4 Kd5 36. Rxg4 Rf8 37. Rf4 Rh8 38. h4 Rg8 39. g4 Ke5
40. Rf5+ Ke6 41. Rf4 Ke5 42. Rf5+ 1/2-1/2

[Event "European Team-ch 2007"]
[Site "Crete GRE"]
[Date "2007.11.01"]
[Round "5.15"]
[White "Gallagher, Joseph G"]
[Black "Jianu, Vlad-Cristian"]
[Result "1/2-1/2"]
[WhiteElo "2497"]
[BlackElo "2535"]
[PlyCount "35"]
[EventDate "2007.10.28"]
[EventType "team"]
[EventRounds "9"]
[EventCountry "GRE"]
[Source "lmi"]
[SourceDate "2007.10.28"]
[WhiteTeam "Switzerland"]
[BlackTeam "Romania"]
[WhiteTeamCountry "SUI"]
[BlackTeamCountry "ROM"]

1. d4 d5 2. c4 c6 3. Nc3 Nf6 4. Nf3 g6 5. cxd5 cxd5 6. Qb3 Bg7 7. e3 O-O 8. Bd2
Nc6 9. Rc1 e6 10. Bd3 Bd7 11. O-O Na5 12. Qb4 Nc6 13. Qb3 Na5 14. Qb4 Nc6 15.
Qa3 Re8 16. b3 Bf8 17. Qb2 Bd6 18. h3 1/2-1/2

[Event "European Team-ch 2007"]
[Site "Crete GRE"]
[Date "2007.11.01"]
[Round "5.15"]
[White "Berescu, Alin"]
[Black "Ekstroem, Roland"]
[Result "1/2-1/2"]
[WhiteElo "2508"]
[BlackElo "2478"]
[PlyCount "59"]
[EventDate "2007.10.28"]
[EventType "team"]
[EventRounds "9"]
[EventCountry "GRE"]
[Source "lmi"]
[SourceDate "2007.10.28"]
[WhiteTeam "Romania"]
[BlackTeam "Switzerland"]
[WhiteTeamCountry "ROM"]
[BlackTeamCountry "SUI"]

1. e4 c6 2. d4 d5 3. Nc3 dxe4 4. Nxe4 Bf5 5. Ng3 Bg6 6. h4 h6 7. Nf3 Nd7 8. h5
Bh7 9. Bd3 Bxd3 10. Qxd3 e6 11. Bf4 Qa5+ 12. Bd2 Bb4 13. c3 Be7 14. c4 Qa6 15.
O-O Ngf6 16. Rfe1 Rd8 17. Qe2 O-O 18. Bc3 Rfe8 19. Ne5 Bf8 20. a4 c5 21. dxc5
Nxe5 22. Bxe5 Nd7 23. Bc3 Nxc5 24. b4 Nd3 25. b5 Qb6 26. Red1 Nc5 27. Ne4 Nxe4
28. Qxe4 Qc5 29. Qe2 a6 30. Ba5 1/2-1/2

[Event "European Team-ch 2007"]
[Site "Crete GRE"]
[Date "2007.11.01"]
[Round "5.16"]
[White "Djukic, Nikola"]
[Black "Stefansson, Hannes"]
[Result "0-1"]
[WhiteElo "2528"]
[BlackElo "2574"]
[PlyCount "96"]
[EventDate "2007.10.28"]
[EventType "team"]
[EventRounds "9"]
[EventCountry "GRE"]
[Source "lmi"]
[SourceDate "2007.10.28"]
[WhiteTeam "MNE"]
[BlackTeam "Iceland"]
[BlackTeamCountry "ISL"]

1. e4 e5 2. Nf3 Nc6 3. Bb5 a6 4. Ba4 Nf6 5. O-O b5 6. Bb3 Bb7 7. d3 Be7 8. Nc3
O-O 9. Ne2 d6 10. a3 Re8 11. Ng3 Bf8 12. Ng5 d5 13. Ba2 Nd4 14. f4 h6 15. fxe5
Rxe5 16. Nxf7 Kxf7 17. Bf4 Re6 18. c3 Bc5 19. cxd4 Bxd4+ 20. Kh1 Kg8 21. Qd2 c5
22. Nf5 Nh5 23. Be3 Bxe3 24. Qxe3 c4 25. Qh3 Qg5 26. Nd4 Rf6 27. Qd7 Raf8 28.
Rxf6 Qxf6 29. Qe6+ Qxe6 30. Nxe6 Rc8 31. exd5 Bxd5 32. Nd4 Nf4 33. dxc4 bxc4
34. Nf5 Re8 35. Ng3 Bxg2+ 36. Kg1 Bd5 37. Rd1 Kh8 38. Bb1 Rb8 39. Rd4 Rxb2 40.
Bf5 g5 41. Rd1 Ra2 42. Kf1 Rxh2 43. Rb1 Nd3 44. Rb8+ Kg7 45. Bxd3 cxd3 46. Nf5+
Kf7 47. Ne3 d2 48. Rd8 Bf3 0-1

[Event "European Team-ch 2007"]
[Site "Crete GRE"]
[Date "2007.11.01"]
[Round "5.16"]
[White "Steingrimsson, Hedinn"]
[Black "Ivanovic, Bozidar"]
[Result "1-0"]
[WhiteElo "2533"]
[BlackElo "2434"]
[PlyCount "127"]
[EventDate "2007.10.28"]
[EventType "team"]
[EventRounds "9"]
[EventCountry "GRE"]
[Source "lmi"]
[SourceDate "2007.10.28"]
[WhiteTeam "Iceland"]
[BlackTeam "MNE"]
[WhiteTeamCountry "ISL"]

1. d4 d5 2. c4 e6 3. Nc3 Nf6 4. cxd5 exd5 5. Bg5 Nbd7 6. e3 Be7 7. Bd3 O-O 8.
Nf3 Re8 9. O-O c6 10. Qc2 Nf8 11. h3 Be6 12. Rfc1 N6d7 13. Bf4 Nb6 14. Rab1 Bd6
15. Ne2 f6 16. Nd2 Bf7 17. b4 Bg6 18. Bxg6 Nxg6 19. Bxd6 Qxd6 20. a4 a6 21. Qc5
Qd8 22. Ra1 Re6 23. g3 Rc8 24. h4 Nf8 25. Nf4 Re7 26. Qc2 Qd6 27. Qc5 Qd8 28.
Nd3 Ra8 29. Kg2 Ng6 30. Rcb1 Kh8 31. Qc3 Nc8 32. b5 cxb5 33. axb5 Nd6 34. bxa6
bxa6 35. Qc6 Nf5 36. h5 Rc7 37. Qb6 Nf8 38. Nc5 Qe7 39. Rxa6 Rac8 40. Qb3 Qe8
41. Qd1 Qf7 42. Qf3 Ne7 43. h6 Qg6 44. hxg7+ Kxg7 45. Rbb6 Nf5 46. Qf4 Rf7 47.
Nf3 h5 48. Ne5 Qh7 49. Nf3 Re8 50. Kg1 Ree7 51. Kf1 Re8 52. Kg1 Ree7 53. Ra8
Ra7 54. Ra6 Rxa6 55. Rxa6 Ne7 56. Nh4 Qb1+ 57. Kh2 Qc2 58. Ra7 Kg8 59. Qf3 Rg7
60. Ra8 Rf7 61. Ne6 f5 62. Qf4 Qe2 63. Qg5+ Neg6 64. Qxg6+ 1-0

[Event "European Team-ch 2007"]
[Site "Crete GRE"]
[Date "2007.11.01"]
[Round "5.16"]
[White "Drasko, Milan"]
[Black "Danielsen, Henrik"]
[Result "0-1"]
[WhiteElo "2557"]
[BlackElo "2491"]
[PlyCount "70"]
[EventDate "2007.10.28"]
[EventType "team"]
[EventRounds "9"]
[EventCountry "GRE"]
[Source "lmi"]
[SourceDate "2007.10.28"]
[WhiteTeam "MNE"]
[BlackTeam "Iceland"]
[BlackTeamCountry "ISL"]

1. d4 d5 2. c4 c6 3. e3 Nf6 4. Nc3 e6 5. Nf3 Nbd7 6. Qc2 Bd6 7. b3 O-O 8. Be2
dxc4 9. bxc4 e5 10. O-O Re8 11. Rd1 exd4 12. exd4 b6 13. h3 Qc7 14. Bd3 Bb7 15.
Ng5 Nf8 16. Nce4 Nxe4 17. Nxe4 Be7 18. Bb2 Rad8 19. Qc3 Ne6 20. Bc2 Qf4 21. Qe3
Qxe3 22. fxe3 f5 23. Nf2 Bg5 24. Re1 Bh4 25. Rad1 Ba6 26. d5 cxd5 27. cxd5 Nc5
28. Rd2 g6 29. d6 Bg3 30. Red1 Rxe3 31. Bf6 Rd7 32. Nh1 Be1 33. Rd5 Bc3 34. Be7
Bc4 35. Kf2 Re2+ 0-1

[Event "European Team-ch 2007"]
[Site "Crete GRE"]
[Date "2007.11.01"]
[Round "5.16"]
[White "Thorhallsson, Throstur"]
[Black "Kosic, Dragan"]
[Result "1/2-1/2"]
[WhiteElo "2448"]
[BlackElo "2482"]
[PlyCount "33"]
[EventDate "2007.10.28"]
[EventType "team"]
[EventRounds "9"]
[EventCountry "GRE"]
[Source "lmi"]
[SourceDate "2007.10.28"]
[WhiteTeam "Iceland"]
[BlackTeam "MNE"]
[WhiteTeamCountry "ISL"]

1. e4 e6 2. d4 d5 3. Nc3 dxe4 4. Nxe4 Nd7 5. Nf3 Ngf6 6. Nxf6+ Nxf6 7. Be3 a6
8. Bd3 b6 9. O-O Bb7 10. c4 Be7 11. Qe2 c5 12. dxc5 bxc5 13. Bf4 O-O 14. Rad1
Qb6 15. Ne5 Rfd8 16. b3 a5 17. Bc2 1/2-1/2

[Event "European Team-ch 2007"]
[Site "Crete GRE"]
[Date "2007.11.01"]
[Round "5.17"]
[White "Sulskis, Sarunas"]
[Black "Muir, Andrew J"]
[Result "1-0"]
[WhiteElo "2527"]
[BlackElo "2367"]
[PlyCount "65"]
[EventDate "2007.10.28"]
[EventType "team"]
[EventRounds "9"]
[EventCountry "GRE"]
[Source "lmi"]
[SourceDate "2007.10.28"]
[WhiteTeam "Lithuania"]
[BlackTeam "Scotland"]
[WhiteTeamCountry "LTU"]
[BlackTeamCountry "SCO"]

1. e4 c5 2. Nf3 Nc6 3. Bb5 g6 4. Bxc6 dxc6 5. d3 Bg7 6. h3 Nf6 7. e5 Nd5 8. O-O
O-O 9. Re1 b6 10. Nbd2 f6 11. a3 a5 12. Nf1 Qd7 13. Rb1 Bb7 14. c4 Nc7 15. b4
cxb4 16. axb4 a4 17. d4 b5 18. c5 Nd5 19. Bd2 Rad8 20. Ra1 Bc8 21. Ra3 Qc7 22.
Qc1 Bf5 23. Ng3 Qd7 24. Re2 Be6 25. Bh6 Rfe8 26. Bxg7 Kxg7 27. Re4 Nxb4 28. Rh4
Rh8 29. Qh6+ Kf7 30. Ne4 Rdf8 31. exf6 exf6 32. Rf4 Nd5 33. Ne5+ 1-0

[Event "European Team-ch 2007"]
[Site "Crete GRE"]
[Date "2007.11.01"]
[Round "5.17"]
[White "Ruxton, Keith"]
[Black "Rozentalis, Eduardas"]
[Result "0-1"]
[WhiteElo "2314"]
[BlackElo "2581"]
[PlyCount "58"]
[EventDate "2007.10.28"]
[EventType "team"]
[EventRounds "9"]
[EventCountry "GRE"]
[Source "lmi"]
[SourceDate "2007.10.28"]
[WhiteTeam "Scotland"]
[BlackTeam "Lithuania"]
[WhiteTeamCountry "SCO"]
[BlackTeamCountry "LTU"]

1. Nf3 b6 2. e4 Bb7 3. Nc3 e6 4. d4 Bb4 5. Bd3 Nf6 6. Qe2 d5 7. exd5 Qxd5 8.
Bd2 Bxc3 9. bxc3 Nbd7 10. O-O O-O 11. c4 Qh5 12. Ng5 Qxe2 13. Bxe2 e5 14. dxe5
Nxe5 15. c5 h6 16. Nh3 Rfe8 17. cxb6 axb6 18. a4 Ne4 19. Be1 Ba6 20. Bxa6 Rxa6
21. f3 Nd6 22. Nf4 c6 23. Bc3 Nec4 24. Nh5 Re2 25. Rfe1 Rxc2 26. Bd4 Ra5 27. g4
Rd5 28. Rad1 Rd2 29. Rxd2 Nxd2 0-1

[Event "European Team-ch 2007"]
[Site "Crete GRE"]
[Date "2007.11.01"]
[Round "5.17"]
[White "Kveinys, Aloyzas"]
[Black "Grant, Jonathan"]
[Result "1-0"]
[WhiteElo "2517"]
[BlackElo "2261"]
[PlyCount "123"]
[EventDate "2007.10.28"]
[EventType "team"]
[EventRounds "9"]
[EventCountry "GRE"]
[Source "lmi"]
[SourceDate "2007.10.28"]
[WhiteTeam "Lithuania"]
[BlackTeam "Scotland"]
[WhiteTeamCountry "LTU"]
[BlackTeamCountry "SCO"]

1. Nf3 Nf6 2. c4 c5 3. g3 b6 4. Bg2 Bb7 5. O-O e6 6. Nc3 a6 7. Re1 d6 8. e4 Qc7
9. d4 cxd4 10. Nxd4 Be7 11. Be3 Nbd7 12. Rc1 Nc5 13. f3 Rc8 14. Qe2 O-O 15. Bf2
Rfe8 16. f4 g6 17. Nc2 h5 18. h3 Bf8 19. b4 Ncd7 20. Ne3 Qb8 21. a3 Qa8 22. Qd3
Rc7 23. Rc2 Rec8 24. Rec1 b5 25. cxb5 axb5 26. Nxb5 Rxc2 27. Rxc2 Rxc2 28. Nxc2
Nxe4 29. Nc7 Nxf2 30. Nxa8 Nxd3 31. Bxb7 d5 32. Ba6 Nc1 33. Kf2 Na2 34. Ke3 Nc3
35. Bd3 Nd1+ 36. Kd2 Nf2 37. a4 h4 38. gxh4 Nxh3 39. a5 Bd6 40. a6 Nxf4 41. Bb5
Nc5 42. a7 Ne4+ 43. Kc1 Nc3 44. Bf1 Na4 45. Bb5 Nc3 46. Nb6 Nxb5 47. a8=Q+ Kg7
48. Nd7 Ne2+ 49. Kb2 Nec3 50. Na3 Nd1+ 51. Kc1 Nbc3 52. Nb1 Bxb4 53. Qb8 d4 54.
Qe5+ Kg8 55. Nf6+ Kf8 56. Qb8+ Kg7 57. Ne8+ Kh7 58. Nxc3 Nxc3 59. Qe5 Bf8 60.
Nf6+ Kh8 61. Kc2 Kg7 62. Nd7+ 1-0

[Event "European Team-ch 2007"]
[Site "Crete GRE"]
[Date "2007.11.01"]
[Round "5.17"]
[White "Morrison, Graham"]
[Black "Malisauskas, Vidmantas"]
[Result "0-1"]
[WhiteElo "2322"]
[BlackElo "2495"]
[PlyCount "66"]
[EventDate "2007.10.28"]
[EventType "team"]
[EventRounds "9"]
[EventCountry "GRE"]
[Source "lmi"]
[SourceDate "2007.10.28"]
[WhiteTeam "Scotland"]
[BlackTeam "Lithuania"]
[WhiteTeamCountry "SCO"]
[BlackTeamCountry "LTU"]

1. d4 Nf6 2. c4 g6 3. Nc3 Bg7 4. e4 d6 5. Nf3 O-O 6. Be2 e5 7. O-O Na6 8. Be3
Ng4 9. Bg5 f6 10. Bc1 Nh6 11. Re1 Nf7 12. Be3 c6 13. dxe5 dxe5 14. c5 Be6 15.
Bxa6 Qxd1 16. Nxd1 bxa6 17. Bd2 Rfb8 18. Ba5 Bf8 19. b4 Be7 20. Nc3 Bd8 21.
Bxd8 Nxd8 22. Reb1 Rb7 23. Kf1 Bc4+ 24. Ke1 Ne6 25. g3 Rab8 26. a3 a5 27. Rd1
axb4 28. axb4 Rxb4 29. Rd6 Rb3 30. Nd2 Rxc3 31. Nxc4 Nd4 32. Ra4 Rb1+ 33. Kd2
Rc2+ 0-1

[Event "European Team-ch 2007"]
[Site "Crete GRE"]
[Date "2007.11.01"]
[Round "5.18"]
[White "Savva, Panikos"]
[Black "Ragger, Markus"]
[Result "0-1"]
[WhiteElo "2099"]
[BlackElo "2528"]
[PlyCount "108"]
[EventDate "2007.10.28"]
[EventType "team"]
[EventRounds "9"]
[EventCountry "GRE"]
[Source "lmi"]
[SourceDate "2007.10.28"]
[WhiteTeam "Cyprus"]
[BlackTeam "Austria"]
[WhiteTeamCountry "CYP"]
[BlackTeamCountry "AUT"]

1. d4 d5 2. Nf3 Nf6 3. c4 e6 4. Nc3 c6 5. Qb3 dxc4 6. Qxc4 b5 7. Qb3 Nbd7 8. g3
Bb7 9. Bg2 a6 10. O-O c5 11. Bg5 Be7 12. Rad1 Qb6 13. Be3 c4 14. Qc2 Nd5 15.
Bg5 f6 16. Nxd5 exd5 17. Bc1 O-O 18. Nh4 Qe6 19. Qf5 Qxf5 20. Nxf5 Rfe8 21. Bd2
a5 22. b3 Nb6 23. Ne3 Reb8 24. Nf5 Bf8 25. Bf4 Rc8 26. bxc4 Nxc4 27. Rb1 b4 28.
Ne3 Nxe3 29. Bxe3 Kf7 30. Rfc1 Ke6 31. Bh3+ f5 32. g4 g6 33. gxf5+ gxf5 34. a3
Ba6 35. axb4 Bxb4 36. Kf1 Rxc1+ 37. Bxc1 Bc4 38. Bf4 Rc8 39. f3 Ba6 40. Kf2 Rc2
41. Bf1 Bc4 42. Bg5 Kd7 43. Kg3 Bxe2 44. Bxe2 Rxe2 45. Kf4 Ke6 46. Bd8 Bd6+ 47.
Kg5 a4 48. Rb6 Rg2+ 49. Kh6 Rxh2+ 50. Kg7 Rg2+ 51. Kh6 Kd7 52. Kxh7 a3 53. Ra6
a2 54. Bf6 Bb4 0-1

[Event "European Team-ch 2007"]
[Site "Crete GRE"]
[Date "2007.11.01"]
[Round "5.18"]
[White "Atlas, Valery"]
[Black "Aristotelous, Vassilis"]
[Result "1-0"]
[WhiteElo "2482"]
[BlackElo "1960"]
[PlyCount "65"]
[EventDate "2007.10.28"]
[EventType "team"]
[EventRounds "9"]
[EventCountry "GRE"]
[Source "lmi"]
[SourceDate "2007.10.28"]
[WhiteTeam "Austria"]
[BlackTeam "Cyprus"]
[WhiteTeamCountry "AUT"]
[BlackTeamCountry "CYP"]

1. e4 d6 2. d4 Nf6 3. Nc3 g6 4. g3 Bg7 5. Bg2 O-O 6. Nge2 e5 7. h3 Nc6 8. Be3
b6 9. O-O Ba6 10. Re1 Qe7 11. dxe5 Nxe5 12. b3 Rae8 13. Nf4 Bb7 14. Rc1 Qd8 15.
Ncd5 Nxd5 16. Nxd5 f5 17. exf5 Rxf5 18. f4 Nc6 19. Bf2 Rff8 20. Qd2 Kh8 21. c4
Qd7 22. Rxe8 Rxe8 23. Re1 Rxe1+ 24. Qxe1 h6 25. Qb1 Kh7 26. Be4 Qf7 27. h4 h5
28. g4 Kh6 29. Qc1 Bd4 30. f5+ Kg7 31. Bxd4+ Nxd4 32. Qe3 c5 33. f6+ 1-0

[Event "European Team-ch 2007"]
[Site "Crete GRE"]
[Date "2007.11.01"]
[Round "5.18"]
[White "Klerides, Paris"]
[Black "Weiss, Christian"]
[Result "0-1"]
[WhiteElo "2183"]
[BlackElo "2460"]
[PlyCount "98"]
[EventDate "2007.10.28"]
[EventType "team"]
[EventRounds "9"]
[EventCountry "GRE"]
[Source "lmi"]
[SourceDate "2007.10.28"]
[WhiteTeam "Cyprus"]
[BlackTeam "Austria"]
[WhiteTeamCountry "CYP"]
[BlackTeamCountry "AUT"]

1. e4 c5 2. Nf3 e6 3. d4 cxd4 4. Nxd4 a6 5. Nc3 Qc7 6. Bd3 Nf6 7. O-O Nc6 8.
Be3 Nxd4 9. Bxd4 Bc5 10. Bxc5 Qxc5 11. Qe2 d6 12. Rfe1 e5 13. Qd2 Be6 14. Rad1
O-O 15. Qg5 h6 16. Qh4 Qb4 17. Re3 Qxb2 18. Rg3 Kh8 19. Nd5 Bxd5 20. exd5 e4
21. Bxe4 Qb4 22. Re3 Rae8 23. f3 Re5 24. Rb3 Qc4 25. Qf2 Nxe4 26. fxe4 Rxe4 27.
Rxb7 Re2 28. Rc7 Qe4 29. Qf3 Qe5 30. Rxf7 Rxf7 31. Qxf7 Qe3+ 32. Kf1 Qe4 33.
Qf3 Qxf3+ 34. gxf3 Rxc2 35. Rb1 Rxh2 36. Rb8+ Kh7 37. Rb6 Rxa2 38. Rxd6 Kg8 39.
Ke1 Kf7 40. Re6 h5 41. Kf1 h4 42. Kg1 g5 43. Kf1 a5 44. Ra6 a4 45. Kg1 a3 46.
Kh1 h3 47. Kg1 Rg2+ 48. Kh1 a2 49. d6 Rb2 0-1

[Event "European Team-ch 2007"]
[Site "Crete GRE"]
[Date "2007.11.01"]
[Round "5.18"]
[White "Neubauer, Martin"]
[Black "Kassinopoullos, Doros"]
[Result "1-0"]
[WhiteElo "2453"]
[BlackElo "2121"]
[PlyCount "81"]
[EventDate "2007.10.28"]
[EventType "team"]
[EventRounds "9"]
[EventCountry "GRE"]
[Source "lmi"]
[SourceDate "2007.10.28"]
[WhiteTeam "Austria"]
[BlackTeam "Cyprus"]
[WhiteTeamCountry "AUT"]
[BlackTeamCountry "CYP"]

1. e4 d5 2. exd5 Qxd5 3. Nc3 Qa5 4. d4 Nf6 5. Nf3 c6 6. Bc4 Bf5 7. Bd2 e6 8.
Qe2 Bb4 9. Ne5 Nbd7 10. Nxd7 Nxd7 11. a3 O-O-O 12. O-O Bxc3 13. Bxc3 Qc7 14. b4
Nf6 15. Bb3 h5 16. f3 h4 17. Bb2 Rh6 18. Qe5 Qxe5 19. dxe5 Nd5 20. Kf2 Rh5 21.
Rad1 Bg6 22. Rd2 Nb6 23. Rfd1 Rxd2+ 24. Rxd2 Nd7 25. f4 b5 26. Bd4 a6 27. Ke3
h3 28. g4 Rh8 29. c3 Re8 30. Bd1 f6 31. Bf3 Kc7 32. Bc5 fxe5 33. Bd6+ Kb7 34.
Bxe5 Nxe5 35. fxe5 Re7 36. Rd6 Be8 37. Kf4 g6 38. Kg5 Rf7 39. Rd3 Kc7 40. Kh4
Rh7+ 41. Kg3 1-0

[Event "European Team-ch 2007"]
[Site "Crete GRE"]
[Date "2007.11.01"]
[Round "5.19"]
[White "Jones, Richard S"]
[Black "Efimov, Igor"]
[Result "1/2-1/2"]
[WhiteElo "2327"]
[BlackElo "2446"]
[PlyCount "163"]
[EventDate "2007.10.28"]
[EventType "team"]
[EventRounds "9"]
[EventCountry "GRE"]
[Source "lmi"]
[SourceDate "2007.10.28"]
[WhiteTeam "Wales"]
[BlackTeam "Monaco"]
[WhiteTeamCountry "WLS"]
[BlackTeamCountry "MNC"]

1. e4 c6 2. d4 d5 3. Nc3 dxe4 4. Nxe4 Nf6 5. Nxf6+ exf6 6. c3 Be6 7. Bd3 Bd6 8.
Qc2 Nd7 9. Ne2 Qc7 10. g3 c5 11. Be3 O-O-O 12. O-O-O Rhe8 13. Kb1 Bd5 14. dxc5
Bxc5 15. Rhe1 Bxe3 16. fxe3 Rxe3 17. Nf4 Rxe1 18. Rxe1 Ne5 19. Nxd5 Rxd5 20.
Be4 Rd6 21. Rd1 g6 22. Rxd6 Qxd6 23. Qb3 Qb6 24. Qd5 Qg1+ 25. Kc2 Qf2+ 26. Kb3
Qb6+ 27. Kc2 Qc6 28. Qd4 Qc4 29. Qe3 Ng4 30. Qf3 Nxh2 31. Bxb7+ Kc7 32. Qf2
Qa4+ 33. Kc1 Ng4 34. Qf3 Ne5 35. Qxf6 Kxb7 36. Qxe5 Qxa2 37. Qe7+ Kc6 38. Qe4+
Qd5 39. Qa4+ Kb7 40. Qb4+ Kc8 41. Qf8+ Kd7 42. Qb8 Qc5 43. Qb7+ Ke8 44. Qb8+
Ke7 45. Kc2 a5 46. Kb3 Qd5+ 47. Kc2 h5 48. b4 Qa2+ 49. Kd3 Qd5+ 50. Kc2 Qa2+
51. Kd3 a4 52. b5 Qd5+ 53. Kc2 Qb3+ 54. Kd3 a3 55. Qa7+ Kf8 56. b6 Qd5+ 57. Kc2
Qg2+ 58. Kb3 Qb2+ 59. Kc4 Qa2+ 60. Kb4 Qb2+ 61. Kc4 a2 62. b7 Qxb7 63. Qxb7
a1=Q 64. Qb8+ Kg7 65. Qe5+ Kh7 66. Kb5 Qb2+ 67. Kc6 Qb3 68. Kd7 Qb7+ 69. Ke8
Kg8 70. Qf6 Qc7 71. Qf3 Kg7 72. Qd3 Kf6 73. Qa6+ Kg5 74. Qd3 Kg4 75. c4 f5 76.
Qd4+ Kxg3 77. Qg1+ Kf3 78. Qxg6 Qc8+ 79. Ke7 Qc5+ 80. Kf6 Qxc4 81. Qxh5+ Qg4
82. Qxf5+ 1/2-1/2

[Event "European Team-ch 2007"]
[Site "Crete GRE"]
[Date "2007.11.01"]
[Round "5.19"]
[White "Van Hoolandt, Patrick"]
[Black "Kett, Tim"]
[Result "1/2-1/2"]
[WhiteElo "2245"]
[BlackElo "2257"]
[PlyCount "81"]
[EventDate "2007.10.28"]
[EventType "team"]
[EventRounds "9"]
[EventCountry "GRE"]
[Source "lmi"]
[SourceDate "2007.10.28"]
[WhiteTeam "Monaco"]
[BlackTeam "Wales"]
[WhiteTeamCountry "MNC"]
[BlackTeamCountry "WLS"]

1. d4 Nf6 2. c4 e6 3. Nc3 Bb4 4. Qc2 O-O 5. a3 Bxc3+ 6. Qxc3 Ne4 7. Qc2 f5 8.
e3 d6 9. Bd3 Nf6 10. b3 c5 11. dxc5 dxc5 12. Bb2 Nc6 13. Rd1 Qe8 14. Ne2 b6 15.
O-O Bb7 16. Ng3 Rd8 17. Be2 Qe7 18. Bf3 Na5 19. Bxb7 Nxb7 20. f3 Na5 21. Ne2
Nc6 22. Nf4 e5 23. Nd5 Qe6 24. Nc7 Qf7 25. Nb5 f4 26. exf4 exf4 27. Nd6 Qg6 28.
Qxg6 hxg6 29. Rfe1 Rd7 30. Ne4 Rxd1 31. Nxf6+ gxf6 32. Rxd1 Na5 33. Rd3 Kf7 34.
Kf2 Ke6 35. Bc1 g5 36. Bd2 Nc6 37. Bc3 Rd8 38. Rxd8 Nxd8 39. Ke2 Nc6 40. Kd3
Ne5+ 41. Ke2 1/2-1/2

[Event "European Team-ch 2007"]
[Site "Crete GRE"]
[Date "2007.11.01"]
[Round "5.19"]
[White "Spice, Alan"]
[Black "Iclicki, Willy"]
[Result "1-0"]
[WhiteElo "2170"]
[BlackElo "2147"]
[PlyCount "101"]
[EventDate "2007.10.28"]
[EventType "team"]
[EventRounds "9"]
[EventCountry "GRE"]
[Source "lmi"]
[SourceDate "2007.10.28"]
[WhiteTeam "Wales"]
[BlackTeam "Monaco"]
[WhiteTeamCountry "WLS"]
[BlackTeamCountry "MNC"]

1. Nc3 c6 2. d4 d5 3. e4 dxe4 4. Nxe4 Bf5 5. Ng3 Bg6 6. h4 h6 7. h5 Bh7 8. Nf3
Nd7 9. Bd3 Bxd3 10. Qxd3 e6 11. Bf4 Qa5+ 12. Bd2 Qc7 13. O-O-O O-O-O 14. Ne4
Ngf6 15. g3 Nxe4 16. Qxe4 Nf6 17. Qe2 Bd6 18. c4 c5 19. Bc3 cxd4 20. Nxd4 a6
21. Kb1 Rhe8 22. Nf3 Qc6 23. Ne5 Bxe5 24. Bxe5 Rxd1+ 25. Rxd1 Rd8 26. Re1 Qc5
27. g4 Ne8 28. f4 f6 29. Bc3 Rd6 30. a3 Rc6 31. Bb4 Qxc4 32. Qxc4 Rxc4 33. Rxe6
Kd8 34. Bd2 Kd7 35. Re2 Nc7 36. b3 Rd4 37. Bb4 Nd5 38. Rd2 Rxd2 39. Bxd2 Ke6
40. Kc2 Ne7 41. Kd3 Nd5 42. Kd4 Kd6 43. a4 b6 44. Bc1 Nc7 45. Ba3+ Ke6 46. Bf8
Kf7 47. Bd6 Ne6+ 48. Kd5 b5 49. axb5 axb5 50. b4 Nd8 51. Kc5 1-0